00355pam a2200121 a 4500020000500000041000800005082001700013100002000030245006600050260003100116300001200147653007400159 c aeng a333.951bPRI aPrithipalshing. aBiodiversity conservation and Systematics hTextual Documents a[s.l]:bScientific,c2007. a282 pg. aEconomics ofland & energy, Biodiversity conservation and Systematics